000 00202 a2200097 4500
001 48783
090 _c31683
_d31683
100 _aLaursen, Tod A
245 _aMechanics of material
260 _aNew York
_bJ Willey
942 _aNUST-CAE
999 _c283856
_d283856